000 00397nam a2200181Ia 4500
005 20240823051731.0
008 240823s9999||||xx |||||||||||||| ||und||
041 _aENGLISH
082 _A822.912 L2
100 _aAlfred Hitchcock Ed.
245 0 _aHappy Deathday
250 _a1st
260 _c1972
_bDell
500 _aYES
650 _aGeneral
_bGeneral
942 _cBK
999 _c220255
_d220255